00948ntm a22002177a 450000500170000000800410001704000280005808200170008610000290010324501640013226000100029630000280030650001820033459000170051665000390053365300230057265500090059594200080060499900170061295201010062920170810124527.0170802s2011 xx a frb 000 0 eng d aEG-ScBUEbengcEG-ScBUE04222a624bMAH1 aMahfouz, Michael Mourad.10aCustomer satisfaction in construction :bInvestigating its role towards improving productivity in Egyptian constructiom companies /cby Michael Mourad Mahfouz. c2011. a95 p. :bill. ;c28 cm. aA dissertation submitted to the faculty of engineering. the British university in Egypt, in partial fulfillment of the requirements for the bachelor degree in civil engineering. aBasant mousa 72BUEshaCivil EngineeringvProjects bENGCIVcAugust2017 vSPRO 2ddc c25138d25110 00102ddc4070aMAINbMAINc2NDd2017-08-07l0o624 MAHp000046281r2025-07-15 00:00:00yPROJST